00317nam a2200145Ia 4500008004100000041000800041100000900049245002000058260003600078300000800114365001300122500000800135520001900143650000900162230605s2005 xx 000 0 und d aeng aKasu aInterior design bAshish book mumbai c2005c2005 a701 b1596h20 a163 aReference Copy aH.K.